[Event "Aragon-chT Preferente Gr II"]
[Site "Aragon"]
[Date "2023.03.11"]
[Round "7.53"]
[White "Muro Guerrero, Miguel"]
[Black "Mombiela de Sus, Jose Luis"]
[Result "1/2-1/2"]
[WhiteElo "1939"]
[BlackElo "1944"]
[PlyCount "76"]
[EventDate "2023.01.28"]
[EventType "team-tourn"]
[EventRounds "9"]
[EventCountry "ESP"]
[SourceTitle "EXT 2024"]
[Source "ChessBase"]
[SourceDate "2023.10.10"]
[SourceVersion "1"]
[SourceVersionDate "2023.10.10"]
[SourceQuality "1"]
[WhiteTeam "Dr Azua"]
[BlackTeam "Las Fuentes II"]
[WhiteTeamCountry "ESP"]
[BlackTeamCountry "ESP"]

1. e4 d5 2. exd5 Nf6 3. c4 e6 4. dxe6 Bxe6 5. d4 Bb4+ 6. Bd2 Qe7 7. Bxb4 Qxb4+ 8. Qd2 Nc6 9. Qxb4 Nxb4 10. Na3 0-0-0 11. Nf3 Rhe8 12. Be2 Bf5 13. Kf1 h6 14. Rd1 g5 15. Ne5 Bc2 16. Nxc2 Nxc2 17. Nxf7 Rxd4 18. Rxd4 Nxd4 19. Bd3 Ng4 20. h3 Ne5 21. Nxe5 Rxe5 22. g4 Nf3 23. Bf5+ Kd8 24. Kg2 Nh4+ 25. Kg3 Nxf5+ 26. gxf5 Rxf5 27. h4 g4 28. Rd1+ Ke7 29. Rd5 Rxd5 30. cxd5 h5 31. Kf4 Kf6 32. b4 a6 33. a4 b6 34. a5 b5 35. Ke4 Ke7 36. Ke5 Kd7 37. Ke4 Ke7 38. Ke3 Kd7 1/2-1/2

[Event "Aragon-chT Preferente B"]
[Site "Aragon"]
[Date "2017.02.11"]
[Round "3.72"]
[White "Muro Guerrero, Miguel"]
[Black "Garcia Valer, Jesus Victoriano"]
[Result "0-1"]
[WhiteElo "1639"]
[BlackElo "1891"]
[PlyCount "124"]
[EventDate "2017.01.28"]
[EventType "team-tourn"]
[EventRounds "9"]
[EventCountry "ESP"]
[SourceTitle "EXT 2018"]
[Source "ChessBase"]
[SourceDate "2017.10.13"]
[SourceVersion "1"]
[SourceVersionDate "2017.10.13"]
[SourceQuality "1"]
[WhiteTeam "Doctor Azua"]
[BlackTeam "Agrupacion II"]
[WhiteTeamCountry "ESP"]
[BlackTeamCountry "ESP"]

1. e4 Nc6 2. d4 d5 3. e5 Bf5 4. c3 e6 5. Nf3 f6 6. exf6 Nxf6 7. Bb5 Bd6 8. 0-0 0-0 9. Re1 a6 10. Ba4 b5 11. Bb3 Ne4 12. Nbd2 Qf6 13. Bc2 Nxd2 14. Qxd2 Rae8 15. Bd3 Bg4 16. Ng5 Bf5 17. Nf3 h6 18. h3 e5 19. Bxf5 Qxf5 20. dxe5 Nxe5 21. Qxd5+ Kh8 22. Bd2 Nxf3+ 23. Qxf3 Rxe1+ 24. Rxe1 Qxf3 25. gxf3 Rxf3 26. Kg2 Rf8 27. Re6 Kg8 28. Be3 Kf7 29. Re4 Re8 30. Kf3 Rxe4 31. Kxe4 Ke6 32. f4 g6 33. b4 h5 34. Bd4 c6 35. Bb6 Be7 36. Be3 Bd8 37. Bc1 Bf6 38. Bd2 Bh4 39. Be3 Be1 40. Bd4 Bd2 41. Be5 Bc1 42. Kd4 Kf5 43. Bc7 Bxf4 44. Bd8 Be5+ 45. Kd3 g5 46. c4 g4 47. hxg4+ hxg4 48. cxb5 axb5 49. Ke3 Bd6 50. Ba5 g3 51. Kf3 Ke6 52. a3 Kd5 53. Bb6 Kc4 54. Be3 Kb3 55. Bc1 Be5 56. Kg2 Bb2 57. Be3 Bxa3 58. Kxg3 Bxb4 59. Kf3 c5 60. Ke2 Kc2 61. Bf4 c4 62. Be5 Bc3 0-1